000 00311nam a2200145Ia 4500
005 20250406063626.0
008 240331s9999 xx 000 0 und d
082 _bSER
_a894
100 _aSeran,
245 0 _aKanal vari
260 _aChennai
_bPonni
_c1989
300 _a64 p .,
650 _aPoems
942 _cL
999 _c4127
_d4127